| 000 | 00810nam a22002417a 4500 | ||
|---|---|---|---|
| 003 | UA-OsUOA | ||
| 001 | 105571 | ||
| 007 | ta | ||
| 008 | 20140312b un ||||| |||| 00| 0 ukr d | ||
| 100 | _aБоднар О.В. | ||
| 700 | _aКозак О.А. | ||
| 700 | _aКопитець Н.Г. | ||
| 090 |
_a330(477) _bБ75 |
||
| 942 | _cSA | ||
| 040 |
_aUA-OsUOA _bukr _cUA-OsUOA _dUA-OsUOA |
||
| 245 | _aНапрями врегулювання взаємовідносин виробників, продавців і споживачів соціально-значимих продуктів харчування | ||
| 300 | _aС. 42-51 | ||
| 955 | _a0 | ||
| 041 | _aukr | ||
| 080 | _a330(477) | ||
| 773 | 0 |
_w105569 _tЕкономіка АПК _dК. _d2014 _g2 |
|
| 650 | 7 |
_a330 Економіка взагалі _2UDC |
|
| 999 |
_c391882 _d391882 |
||